Multiagentové simulácie ekonomických spoločenstiev
Multiagentové systémy. Predpoklady a obmedzenia tradičných prístupov skúmania ekonomických javov. Nový horizont skúmania ekonomických spoločenstiev. Výsledky a využitie multiagentových simulácií.
Gespeichert in:
| 1. Verfasser: | |
|---|---|
| Format: | Buchkapitel |
| Sprache: | Slowakisch |
| Schlagworte: | |
| Tags: |
Keine Tags, Fügen Sie das erste Tag hinzu!
|
MARC
| LEADER | 00000naa a2200000 4500 | ||
|---|---|---|---|
| 001 | r035385 | ||
| 005 | 20230918075933.2 | ||
| 041 | 0 | |a slo | |
| 044 | |a SK | ||
| 245 | 1 | 0 | |a Multiagentové simulácie ekonomických spoločenstiev |c Aleš Kubík |
| 520 | |a Multiagentové systémy. Predpoklady a obmedzenia tradičných prístupov skúmania ekonomických javov. Nový horizont skúmania ekonomických spoločenstiev. Výsledky a využitie multiagentových simulácií. | ||
| 610 | 2 | 0 | |a simulácia |
| 610 | 2 | 0 | |a systémy multiagentové |
| 610 | 2 | 0 | |a javy ekonomické |
| 610 | 2 | 0 | |a počítače |
| 610 | 2 | 0 | |a superpočítače |
| 610 | 2 | 0 | |a výskum ekonomický |
| 610 | 2 | 0 | |a modelovanie |
| 100 | 1 | |a Kubík, Aleš | |